Сварочные технологии ремонта элементов трубопроводов: справочные материалы

Xehetasun bibliografikoak
Egile nagusia: Хромченко Ф. А. Феликс Афанасьевич
Gaia:Рассмотрены способы сварочно-наплавочной технологии ремонта сварных соединений и бесшовных деталей трубопроводов, включая послесварочную термическую обработку с местным нагревом. Приведены примеры ремонта конкретных элементов трубопроводов в условиях тепловых электростанций. Представлен справочный материал технологического характера. Для эксплуатационного и другого технического персонала
Hizkuntza:errusiera
Argitaratua: Москва, Энергопрогресс, 2009
Saila:Библиотечка электротехника Вып. 5 (125)
Gaiak:
Formatua: Liburua
KOHA link:https://koha.lib.tpu.ru/cgi-bin/koha/opac-detail.pl?biblionumber=193775

MARC

LEADER 00000nam0a2200000 4500
001 193775
005 20231101224520.0
035 |a (RuTPU)RU\TPU\book\211323 
090 |a 193775 
100 |a 20110328d2009 km y0rusy50 ca 
101 0 |a rus 
102 |a RU 
105 |a a g 001zy 
200 1 |a Сварочные технологии ремонта элементов трубопроводов  |e справочные материалы  |f Ф. А. Хромченко 
210 |a Москва  |c Энергопрогресс  |d 2009 
215 |a 104 с.  |c ил. 
225 1 |a Библиотечка электротехника  |v Вып. 5 (125)  |x 0013-7278 
320 |a Библиогр.: с. 102. 
330 |a Рассмотрены способы сварочно-наплавочной технологии ремонта сварных соединений и бесшовных деталей трубопроводов, включая послесварочную термическую обработку с местным нагревом. Приведены примеры ремонта конкретных элементов трубопроводов в условиях тепловых электростанций. Представлен справочный материал технологического характера. Для эксплуатационного и другого технического персонала 
606 1 |a Трубопроводы  |x Реконструкция  |x Ремонт  |2 stltpush  |3 (RuTPU)RU\TPU\subj\70030  |9 84593 
606 1 |a Трубопроводы  |x Сварка  |2 stltpush  |3 (RuTPU)RU\TPU\subj\61774  |9 78937 
610 1 |a сварные соединения 
610 1 |a паропроводы 
610 1 |a бесшовные детали 
610 1 |a ремонтные технологии 
610 1 |a трубные элементы 
610 1 |a стыки 
610 1 |a термическая обработка 
610 1 |a нагрев 
610 1 |a справочники 
675 |a 621.643(035)  |v 3 
675 |a 621.644:621.791(035)  |v 3 
700 1 |a Хромченко  |b Ф. А.  |g Феликс Афанасьевич 
801 1 |a RU  |b 63413507  |c 20110328 
801 2 |a RU  |b 63413507  |c 20231011  |g RCR 
900 |a Сварочно-монтажные работы при сооружении трубопроводов и конструкций объектов нефтегазового комплекса 
942 |c BK